=LDR 00000nam 2200000 4500 =001 INLIS000000000028167 =005 20130612130506 =008 ***********************************Ind** =035 ##$$a0010-061300000028167 =041 ##$$a Ind =082 ##$$a 425 =090 ##$$a 425, Sup d =100 ##$$a Supomo, Idi =245 ##$$a Developing english words, idi Supomo =260 ##$$a 2005 $b Tangerang =300 ##$$a 155 hlm, 21 cm =650 ##$$a Bahasa inggris =850 ##$$a NBPNMAT =990 ##$$a 21400613/BPAP-NTB/20142014